01231cam a22003015a 4500999001700000005001700017008004100034020001800075040004700093043002100140082002300161245010700184246003400291260004800325300003500373504005100408520005800459650001000517651004600527651004700573651003800620651003900658653002000697700002900717700003000746942000800776952014500784 c26736d2670820190525095643.0130204t2014 nyua frb 001 0 eng d a9780199751990 aNIC/DLCbengcNICdDLCdEG-ScBUEdEG-ScBUE ap------aa------04a330.91823bOXF22204aThe Oxford handbook of the economics of the Pacific Rim /cedited by Inderjit Kaur and Nirvikar Singh.3 aEconomics of the Pacific Rim. aOxford :bOxford University Press,cc.2014. axiii, 738 p. :bill. ;c24 cm. aIncludes bibliographical references and index. a"A survey of the economy of the Pacific Rim region"-- 2BUEsh 7aPacific AreaxEconomic conditions.2BUEsh 7aPacific AreaxEconomic integration.2BUEsh 7aAsiaxEconomic conditions.2BUEsh 7aAsiaxEconomic integration.2BUEsh bBUSECOcMay20181 aKaur, Inderjit,eeditor.1 aSingh, Nirvikar,eeditor. 2ddc 00102ddc40708BaccahaMAINbMAINc1STd2018-05-17ePurchaseg925.00h21201l0o330.91823 OXFp000046921r2025-07-15 00:00:00v1156.00yBB